1956 1293 1547 1596 1873 1446 1725 1855 1065 1805 1438 1323 1352 1549 1276 1835 1037 1178 1949 1346 1872 1542 1743 1015 1925 1914 1983 1474 1771 1632 1929 1279 1596 1551 1231 1366 1690 1699 1304 1240 1534 1591 1390 1851 1089 1209 1951 1984 1946 1090 1431 1280 1363 1553 1693 1896 1947 1744 1552 1499 1078 1658 1195 1574 1175 1318 1119 1728 1577 1149 1073 1498 1531 1357 1837 1723 1564 1944 1022 1901 1182 1805 1818 1785 1813 1665 1980 1906 1404 1593 1119 1156 1697 1443 1618 1917 1563 1101 1253 BCNSPRNW ULIB Ver.6.0+V

เปลี่ยนเป็นภาษาไทย

Change to English
 แสดงรายละเอียดบรรณานุกรม
  กลับหน้าหลัก

Brief Record : Get Marc (ISO 2709) : E-mail record : QR code < ปิดหน้าต่าง
LEADER : 00000nam 2200000uu 4500
001    13399110439
003     ULIB
008    110530s2006||||th 000 0 eng d
020    0911910182
022    0076-6526
060 04 WB100^bM555 2006
245 04 The Merck manual of diagnosis and therapy /^ceditors, MarkH. Beers ... [et al.]
250    18th ed.
260    Whitehouse Station, N.J. :^bMerck Research Laboratories,^c2006
300    xxxii, 2991 p. ;^c21 cm.
650  2 Diagnosis^vhandbooks
650  2 Drugs Therapy^vhandbooks
700 1  Beers, Mark H.,^eed.
710 2  Merck Research Laboratories
945    ^p0^l0^i030097
995    Kesorn
999 ^a ใช้งานได้ทุกระบบ
รายการนี้ยังไม่มีแท็ก
คุณยังไม่ได้ล็อกอิน คุณสามารถมีกิจกรรมร่วมกับเว็บไซต์ได้ แต่ต้องล็อกอินก่อน ::
  ล็อกอิน

รายการสื่อสารสนเทศ

ลำดับที่ ประเภท เลขเรียก/บาร์โค้ด สถานที่ สถานะ
- ไม่พบข้อมูล -

BibComment


ยังไม่เคยถูกคอมเมนท์

คอมเมนท์ทรัพยากรรายการนี้
  คอมเมนท์: The Merck manual ..


 Copyright 2026. Bcnsprnw @Library